Estatutos y reglamentos : (Registro nro. 8184)

Detalles MARC
000 -LIDER
fixed length control field 00938nam a2200265 a 4500
001 - NÚMERO DE CONTROL
Identificador de número de control 000005066
003 - IDENTIFICACDOR DE NÚMERO DE CONTROL
control field DO-SdBNP
005 - DATE AND TIME OF LATEST TRANSACTION
control field 20171102124237.0
007 - CAMPOS FIJOS DE DESCRIPCIÓN FÍSICA
fixed length control field 000005066
008 - ELEMENTOS DE LONGITUD FIJA
fixed length control field 090729s1969 dr ac 001 0 spa d
040 ## - FUENTE DE CATALOGACIÓN
Agencia que crea de manera original el registro BPMSU
Idioma de catalogación spa
Agencia que realiza la transcripción BPMSU
092 ## - LOCALLY ASSIGNED DEWEY DECIMAL CALL NUMBER
Número de clasificación 340.02
Número de ítem (Cutter) E795r
110 1# - ASIENTO PRINCIPAL--NOMBRE CORPORATIVO
Nombre corporativo o de jurisdicción Instituto Dominicano de Ciencias Jurídicas
245 10 - MENCIÓN DE TITULO
Título Estatutos y reglamentos :
Subtítulo discurso de inguración del Dr. Carlos Cornielle /.
246 13 - VARIACION DEL TÍTULO
Título propiamente dicho o título corto Estatutos y reglamentos
260 ## - PUBLICACIÓN, DISTRIBUCIÓN, ETC. (PIE DE IMPRENTA)
Lugar de publicación, distribución, etc Santo Domingo. :
Nombre del editor, distribuidor, etc. Horizontes de América,
Fecha de publicación, distribución, etc [1969].
300 ## - DESCRIPCIÓN FÍSICA
Extensión 62 p. :
Otros detalles físicos il., retrs. ;
Dimensiones 21 cm.
610 2# - ENCABEZAMIENTO DE MATERIA--NOMBRE CORPORATIVO
Nombre corporativo o de jurisdicción INSTITUTO DOMINICANO DE CIENCIAS JURÍDICAS
Subdivisión temática general ESTATUTOS, REGLAMENTOS, ETC.
930 #1 - EQUIVALENCE OR CROSS-REFERENCE-UNIFORM TITLE HEADING [LOCAL, CANADA]
Language of a work BND01
Medium of performance for music LF1
Field link and sequence number 20090729
Date of a work 01
Name of part/section of a work HD
Miscellaneous information 1688
Medium e. 2
942 ## - ADDED ENTRY ELEMENTS (KOHA)
Source of classification or shelving scheme Dewey Decimal Classification
Koha item type Libros
945 ## - INFORMACIÓN DE PROCESAMIENTO LOCAL
Información de procesamiento local Inventariado, 2017/MFF
956 ## - LOCAL ELECTRONIC LOCATION AND ACCESS (OCLC)
Nombre de host SARMENTERO
Número de acceso 10
Información de compresión 20090729
Inicio de sesión BND01
Procesador de solicitud 1252
956 ## - LOCAL ELECTRONIC LOCATION AND ACCESS (OCLC)
Nombre de host VMATEO
Número de acceso 10
Información de compresión 20091016
Inicio de sesión BND01
Procesador de solicitud 0924
956 ## - LOCAL ELECTRONIC LOCATION AND ACCESS (OCLC)
Nombre de host VMATEO
Número de acceso 10
Información de compresión 20150811
Inicio de sesión BPMSU
Procesador de solicitud 00151
Existencias
Withdrawn status Lost status Source of classification or shelving scheme Damaged status Not for loan Collection code Home library Current library Date acquired Total Checkouts Barcode Date last seen Price effective from Koha item type Copy number
    Dewey Decimal Classification     Colección Dominicana Biblioteca Pública Metropolitana Salomé Ureña Biblioteca Pública Metropolitana Salomé Ureña 08/11/2015   BPMSU15080306 08/11/2015 08/11/2015 Libros  
    Dewey Decimal Classification     Colección Dominicana Biblioteca Pública Metropolitana Salomé Ureña Biblioteca Pública Metropolitana Salomé Ureña 08/11/2015   BPMSU15080307 08/11/2015 08/11/2015 Libros e. 2
    Dewey Decimal Classification     Colección Dominicana Biblioteca Pública Metropolitana Salomé Ureña Biblioteca Pública Metropolitana Salomé Ureña 08/11/2015   BPMSU15080308 08/11/2015 08/11/2015 Libros e. 3